The family in the muslim world.
Saved in:
| 其他作者: | |
|---|---|
| 格式: | 圖書 |
| 語言: | 英语 |
| 出版: |
New Delhi :
M.D. Publications Pvt .Ltd.,
c1991.
|
| 主題: | |
| 標簽: |
沒有標簽, 成為第一個標記此記錄!
|
MARC
| LEADER | 00000cam a22000002 4500 | ||
|---|---|---|---|
| 001 | 0000033132 | ||
| 005 | 20171002020639.0 | ||
| 008 | 060823s xx 000 0 eng d | ||
| 040 | |a Daystar |d LKithuka | ||
| 050 | 0 | 0 | |a BP134 |b .F25 |b D37 |
| 245 | 1 | 4 | |a The family in the muslim world. |
| 260 | |a New Delhi : |b M.D. Publications Pvt .Ltd., |c c1991. | ||
| 300 | |a 284p. | ||
| 504 | |a Includes bibliography. | ||
| 650 | 0 | |a Isalm |x Doctrines. | |
| 650 | 0 | |x Koranic teaching. | |
| 700 | 1 | 0 | |a Das, Man Singh. |
| 908 | |a 060823 | ||
| 942 | |c G | ||
| 952 | |0 4 |1 0 |4 0 |6 BP0134 F25 D37 |7 0 |9 31750 |a DUN |b DUN |c STORE |d 2017-09-28 |l 0 |o BP134.F25D37 |p BK024946 |r 2017-09-28 00:00:00 |t c. |w 2017-09-28 |x 33624 |y G | ||
| 999 | |c 19982 |d 19982 | ||